logo

Bir Sreshtho Munshi Abdur Rouf Library
Jhenaidah Cadet College

মুসলমানদের ইতিহাসচর্চা : (Record no. 6440)

MARC details
000 -LEADER
fixed length control field 00980nam a2200253 a 4500
001 - CONTROL NUMBER
JCCL Control Number 6440
003 - CONTROL NUMBER IDENTIFIER
JCCL marc code BD-JhCC
005 - DATE AND TIME OF LATEST TRANSACTION
control field 20180304181833.0
008 - FIXED-LENGTH DATA ELEMENTS--GENERAL INFORMATION
fixed length control field 180123s20062008bg |||| ||a| 000 0 ben d
020 ## - INTERNATIONAL STANDARD BOOK NUMBER
International Standard Book Number 9844151953
035 ## - SYSTEM CONTROL NUMBER
system control number (BD-JhCC)6440
040 ## - CATALOGING SOURCE
Original cataloging agency BD-JhCC
Modifying agency BD-JhCC
041 ## - LANGUAGE CODE
Language code of Book eng
082 ## - DEWEY DECIMAL CLASSIFICATION NUMBER
Classification number 954.00882971
Author mark and Year ALI 2008
100 ## - MAIN ENTRY--PERSONAL NAME
Personal name আলী, এ কে এম ইয়াকুব
245 ## - TITLE STATEMENT
Title মুসলমানদের ইতিহাসচর্চা :
Remainder of title খিলাফত ও ভারত উপমহাদেশ /
Statement of responsibility, etc এ কে এম ইয়াকুব আলী এবং রুহুল কুদ্দুস মোঃ সালেহ
260 ## - PUBLICATION, DISTRIBUTION, ETC. (IMPRINT)
Place of publication, distribution, etc ঢাকা :
Name of publisher, distributor, etc অবসর প্রকাশনী,
Date of publication, distribution, etc 2008
300 ## - PHYSICAL DESCRIPTION
Pagination 254 p. :
Dimensions 22 cm.
504 ## - BIBLIOGRAPHY, ETC. NOTE
Bibliography, etc Includes Bibliography
650 ## - SUBJECT ADDED ENTRY--TOPICAL TERM
Topical term or geographic name as entry element Muslims
General subdivision Historiography
700 ## - ADDED ENTRY--PERSONAL NAME
Personal name কুদ্দুস মোঃ সালেহ, রুহুল
942 ## - ADDED ENTRY ELEMENTS (KOHA)
Source of classification or shelving scheme Dewey Decimal Classification
Koha item type Books
Holdings
Source of classification or shelving scheme Damaged status Not for loan Home library Current library Shelving location Date of accession Source of acquisition Cost, normal purchase price Total Checkouts Full call number Barcode Date last seen Copy number Koha item type
Dewey Decimal Classification     JCC Rouf Library JCC Rouf Library General Stacks 01/23/2018 Zahedee Foundation 225.00   954.00882971 ALI 2008 581 01/23/2018 C-1 Books

JCC Library | Contacts | JCC Home

Last Update on 23 September 2017
Copyright @ 2017-2020 JCC Rouf Library
Rouf Library, Jhenidah Cadet College (JCC), Bangladesh